Statistics for Jesolo Trophy Medalists

Click here to take the quiz!

General Stats

  • This quiz has been taken 18 times
    (9 since last reset)
  • The average score is 15 of 208

Answer Stats

YearEventPlacingAnswerCountry Represented% Correct
2015Senior BB1stSimone BilesUSA
86%
2015Senior VT1stSimone BilesUSA
86%
2015Senior AA1stSimone BilesUSA
86%
2015Senior FX1stSimone BilesUSA
86%
2015Senior UB1stKyla RossUSA
71%
2016Senior FX1Aly RaismanUSA
43%
2016Senior BB3Aly RaismanUSA
43%
2015Senior AA3rdAly RaismanUSA
43%
2015Senior FX3rdAly RaismanUSA
43%
2015Senior BB3rdCarlotta FerlitoItaly
43%
2015Senior VT3rdEllie BlackCanada
43%
2016Junior UB2Jordan ChilesUSA
43%
2016Junior VT1Jordan ChilesUSA
43%
2016Junior AA1Jordan ChilesUSA
43%
2008Senior AA1stShawn JohnsonUSA
43%
2016Senior UB2Gabby DouglasUSA
29%
2016Senior FX3Gabby DouglasUSA
29%
2016Senior AA1Gabby DouglasUSA
29%
2016Senior BB1Laurie HernandezUSA
29%
2016Senior VT2Laurie HernandezUSA
29%
2016Senior AA3Laurie HernandezUSA
29%
2015Junior AA1stLaurie HernandezUSA
29%
2015Junior FX1stLaurie HernandezUSA
29%
2015Junior UB1stLaurie HernandezUSA
29%
2015Junior AA2ndNorah FlatleyUSA
29%
2015Junior BB1stNorah FlatleyUSA
29%
2016Senior AA2Ragan SmithUSA
29%
2015Junior VT3rdRagan SmithUSA
29%
2015Junior FX2ndRagan SmithUSA
29%
2016Senior BB2Ragan SmithUSA
29%
2016Senior FX2Ragan SmithUSA
29%
2015Senior BB2ndAlyssa BaumannUSA
14%
2015Senior UB2ndBailie KeyUSA
14%
2015Senior AA2ndBailie KeyUSA
14%
2016Junior AA2Emma MalabuyoUSA
14%
2016Junior UB2Emma MalabuyoUSA
14%
2016Junior BB1Emma MalabuyoUSA
14%
2016Junior FX2Emma MalabuyoUSA
14%
2016Junior AA3Gabby PereaUSA
14%
2016Junior UB1Gabby PereaUSA
14%
2015Junior VT1stJazmyn FobergUSA
14%
2015Junior AA3rdJazmyn FobergUSA
14%
2016Senior VT1Mykayla SkinnerUSA
14%
2015Junior VT2ndShallon OlsenCanada
14%
2013Senior BB1stSimone BilesUSA
14%
2013Senior VT1stSimone BilesUSA
14%
2013Senior FX1stSimone BilesUSA
14%
2013Senior AA1stSimone BilesUSA
14%
2017Senior FX1 (tie)Abby PaulsonUSA
0%
2017Senior AA3Abby PaulsonUSA
0%
2013Junior VT3rdAiko SugiharaJapan
0%
2014Senior VT2ndAlessia LeoliniItaly
0%
2012Senior AA2ndAly RaismanUSA
0%
2011Senior AA3rdAly RaismanUSA
0%
2010Senior AA1stAly RaismanUSA
0%
2014Senior BB2nd (tie)Alyssa BaumannUSA
0%
2013Junior BB3rdAmelia HundleyUSA
0%
2013Junior AA3rdAmelia HundleyUSA
0%
2009Junior AA1stAmelia RaceaRomania
0%
2017Junior VT3Ana PadurariuCanada
0%
2017Junior BB1Ana PadurariuCanada
0%
2010Junior AA1stAnastasia GrishinaRussia
0%
2018Senior UB1Anastasia IliankovaRussia
0%
2018Senior AA3Anastasia IliankovaRussia
0%
2014Junior BB3rdAndreea IridonRomania
0%
2014Senior BB1stAndreea MunteanuRomania
0%
2014Senior FX3rdAndreea MunteanuRomania
0%
2017Senior VT3Angelina MelnikovaRussia
0%
2018Senior BB3Angelina MelnikovaRussia
0%
2018Senior VT2Angelina MelnikovaRussia
0%
2017Senior FX3Angelina MelnikovaRussia
0%
2018Senior UB3Angelina MelnikovaRussia
0%
2015Senior VT2ndArianna RoccaItaly
0%
2013Senior VT2ndArianna RoccaItaly
0%
2016Senior UB1Ashton LocklearUSA
0%
2017Senior UB3Ashton LocklearUSA
0%
2018Junior VT2Asia D'AmatoItaly
0%
2014Junior FX1stBailie KeyUSA
0%
2014Junior BB2ndBailie KeyUSA
0%
2012Junior AA3rd (tie)Bailie KeyUSA
0%
2013Junior FX1stBailie KeyUSA
0%
2014Junior UB1stBailie KeyUSA
0%
2013Junior VT1stBailie KeyUSA
0%
2014Junior VT1stBailie KeyUSA
0%
2014Junior AA1stBailie KeyUSA
0%
2013Junior AA1stBailie KeyUSA
0%
2013Junior UB3rdBailie KeyUSA
0%
2013Junior BB1stBailie KeyUSA
0%
2013Senior UB3rdBrenna DowellUSA
0%
2013Senior AA3rdBrenna DowellUSA
0%
2009Senior AA3rdBruna LealBrazil
0%
2009Junior AA2ndCarlotta FerlitoItaly
0%
2017Junior FX2Carolann HeduitFrance
0%
2018Junior UB3Carolann HeduitFrance
0%
2018Junior AA3Celia SerberFrance
0%
2018Junior VT1Celia SerberFrance
0%
2018Junior FX3Celia SerberFrance
0%
2018Senior FX3 (tie)Desiree CarofiglioItaly
0%
2017Senior UB1Elena EreminaRussia
0%
2018Senior VT3Eleonora AfanasyevaRussia
0%
2013Senior BB3rdElisabetta PreziosaItaly
0%
2017Junior UB1Elisa IorioItaly
0%
2018Junior UB1Elisa IorioItaly
0%
2018Junior BB3Elisa IorioItaly
0%
2014Senior BB2nd (tie)Elisa MeneghiniItaly
0%
2016Senior VT3Emily SchildUSA
0%
2017Junior FX1Emma MalabuyoUSA
0%
2018Senior AA1Emma MalabuyoUSA
0%
2017Junior AA3Emma MalabuyoUSA
0%
2017Junior VT2Emma MalabuyoUSA
0%
2018Senior FX1Emma MalabuyoUSA
0%
2018Senior BB1Emma MalabuyoUSA
0%
2012Junior AA2ndEnus MarianiItaly
0%
2013Junior AA2ndEnus MarianiItaly
0%
2013Junior UB1stEnus MarianiItaly
0%
2013Junior FX2ndEnus MarianiItaly
0%
2009Junior AA3rdErika FasanaItaly
0%
2010Junior AA3rdErika FasanaItaly
0%
2015Senior FX2ndErika FasanaItaly
0%
2018Senior FX2Flavia SaraivaBrazil
0%
2017Senior BB2Flavia SaraivaBrazil
0%
2017Senior FX1 (tie)Flavia SaraivaBrazil
0%
2017Junior BB2Gabby PereaUSA
0%
2017Junior UB1Gabby PereaUSA
0%
2017Junior VT1Gabby PereaUSA
0%
2017Junior AA1Gabby PereaUSA
0%
2014Senior UB3rdGiorgia CampanaItaly
0%
2013Senior UB2ndGiorgia CampanaItaly
0%
2018Junior AA2Giorgia VillaItaly
0%
2013Senior FX3rdGiulia LeniItaly
0%
2018Senior FX3 (tie)Grace McCallumUSA
0%
2016Junior BB3Helene SchaferGermany
0%
2009Senior AA2ndHe NingChina
0%
2018Junior BB2Iulia BerarRomania
0%
2016Junior VT3Jade ChrobokCanada
0%
2014Junior VT2ndJordan ChilesUSA
0%
2011Senior AA2ndJordyn WieberUSA
0%
2011Junior AA3rdKatelyn OhashiUSA
0%
2018Junior UB1Ksenia KlimenkoRussia
0%
2010Senior AA2ndKsenia SemenovaRussia
0%
2013Senior UB1stKyla RossUSA
0%
2010Junior AA2ndKyla RossUSA
0%
2014Senior FX2ndKyla RossUSA
0%
2014Senior UB2ndKyla RossUSA
0%
2012Senior AA1stKyla RossUSA
0%
2014Senior AA1stKyla RossUSA
0%
2013Senior AA2ndKyla RossUSA
0%
2013Senior BB2ndKyla RossUSA
0%
2011Junior AA1stKyla RossUSA
0%
2014Junior FX2ndLaura JurcaRomania
0%
2014Junior VT3rdLaura JurcaRomania
0%
2013Junior BB2ndLavinia MarongiuItaly
0%
2013Senior VT3rdLexie PriessmanUSA
0%
2012Junior AA1stLexie PriessmanUSA
0%
2009Senior AA1stLia ParolariItaly
0%
2018Senior VT1Liu JinruChina
0%
2016Senior UB3Loan HisFrance
0%
2014Senior UB1stMadison KocianUSA
0%
2011Junior AA2ndMadison KocianUSA
0%
2014Senior AA3rdMaggie NicholsUSA
0%
2013Senior FX2ndMaggie NicholsUSA
0%
2017Junior FX2Maile O'KeefeUSA
0%
2017Junior UB3Maile O'KeefeUSA
0%
2017Junior BB3Maile O'KeefeUSA
0%
2017Junior AA2Maile O'KeefeUSA
0%
2012Junior AA3rd (tie)Maria KharenkovaRussia
0%
2014Junior UB3rdMarina KawasakiJapan
0%
2017Senior BB3Marine BoyerFrance
0%
2016Junior BB2Martina MaggioItaly
0%
2016Junior FX3Martina MaggioItaly
0%
2016Junior VT2Martina MaggioItaly
0%
2013Junior UB2ndMartina RizzelliItaly
0%
2011Senior AA1stMcKayla MaroneyUSA
0%
2015Junior FX3rdMegan RobertsCanada
0%
2014Senior FX1stMykayla SkinnerUSA
0%
2014Senior VT1stMykayla SkinnerUSA
0%
2014Junior UB2ndNia DennisUSA
0%
2014Junior AA2ndNia DennisUSA
0%
2013Junior VT2ndNicole TerlenghiItaly
0%
2014Junior AA3rdNorah FlatleyUSA
0%
2014Junior BB1stNorah FlatleyUSA
0%
2014Senior AA2ndPeyton ErnstUSA
0%
2018Senior BB2Ragan SmithUSA
0%
2018Senior AA2Ragan SmithUSA
0%
2018Senior UB2Ragan SmithUSA
0%
2017Senior AA2Rebeca AndradeBrazil
0%
2017Senior AA1Riley McCuskerUSA
0%
2017Senior UB2Riley McCuskerUSA
0%
2017Senior BB1Riley McCuskerUSA
0%
2015Junior BB3rdRose-Kaying WooCanada
0%
2015Junior UB3rdRose-Kaying WooCanada
0%
2015Senior UB3rdSabrina GillCanada
0%
2008Senior AA3rdSam PeszekUSA
0%
2012Senior AA3rdSarah FinneganUSA
0%
2017Senior VT1Shallon OlsenCanada
0%
2013Junior FX3rdSofia BonistalliItaly
0%
2017Senior VT2Sofia BusatoItaly
0%
2016Junior FX1Trinity ThomasUSA
0%
2010Senior AA3rdVanessa FerrariItaly
0%
2008Senior AA2ndVanessa FerrariItaly
0%
2015Junior BB2ndVictoria NguyenUSA
0%
2015Junior UB2ndVictoria NguyenUSA
0%
2018Junior AA1Vladislava UrazovaRussia
0%
2018Junior BB1Vladislava UrazovaRussia
0%
2018Junior FX1Vladislava UrazovaRussia
0%
2018Junior VT3Vladislava UrazovaRussia
0%
2018Junior FX2Yin SisiChina
0%
2014Junior FX3rdYuka MomiyamaJapan
0%

Score Distribution

Percentile by Number Answered

Percent of People with Each Score

Your Score History

You have not taken this quiz since the last reset